000 00386 a2200133 4500
001 ART_7022
005 20260410161659.0
008 260409a
245 1 0 _aDinámica inflacionaria y persisitencia
100 1 _aDAmato, Laura
700 1 _aGaregnani, Lorena
700 1 _aSotes Paladino, Juan
773 0 _tEnsayos Económicos
_g- Nº 50 (ene./mar. 2008)
_wREV620
999 _c15038
_d15038